000 00701nam a22002057a 4500
005 20251108172206.0
008 250721s1993 xx 000 0 ara d
082 1 4 _a631.60956/محم
100 1 _aشوقي، محمد عصام الدين
245 1 0 _aأراضي صحراوية عربية و إفريقية /
264 1 _aالقاهرة :
_bجامعة القاهرة،
_c1993.
300 _a333ص
490 0 _aدراسات بكالوريوس : تكنولوجيا إستصلاح ....
650 1 7 _aإستصلاح الأراضي
650 1 7 _aالبلدان العربية
650 1 7 _aالصحراء
700 1 _aالحسنين، عادل سعيد
942 _2ddc
_cBK
999 _c72769
_d72769